Fungi and food spoilage. (Record no. 765472)

MARC details
000 -LEADER
fixed length control field 00660nam a2200253Ia 4500
003 - CONTROL NUMBER IDENTIFIER
control field OSt
005 - DATE AND TIME OF LATEST TRANSACTION
control field 20220928120931.0
008 - FIXED-LENGTH DATA ELEMENTS--GENERAL INFORMATION
fixed length control field 220927b |||||||| |||| 00| 0 eng d
037 ## - SOURCE OF ACQUISITION
Terms of availability Textual
040 ## - CATALOGING SOURCE
Original cataloging agency SDCL
Transcribing agency SDCL
Language of cataloging eng
041 ## - LANGUAGE CODE
Source of code eng
Language code of text/sound track or separate title eng
100 ## - MAIN ENTRY--PERSONAL NAME
Personal name Pitt J I
9 (RLIN) 451411
245 #0 - TITLE STATEMENT
Title Fungi and food spoilage.
250 ## - EDITION STATEMENT
Edition statement 2
260 ## - PUBLICATION, DISTRIBUTION, ETC.
Place of publication, distribution, etc. London
Name of publisher, distributor, etc. Blackie Academic
Date of publication, distribution, etc. 1997
300 ## - PHYSICAL DESCRIPTION
Extent xii,593p.
Dimensions cm.
700 ## - ADDED ENTRY--PERSONAL NAME
Personal name Hocking A D
9 (RLIN) 451412
942 ## - ADDED ENTRY ELEMENTS (KOHA)
Classification part L:5238-433, N7
Koha item type Textual
Source of classification or shelving scheme Colon Classification (CC)
Holdings
Withdrawn status Lost status Damaged status Not for loan Home library Current library Date acquired Total Checkouts Full call number Barcode Date last seen Price effective from Koha item type
        South Campus Library South Campus Library 2022-09-28   L:5238-433 N7 SC0726783 2022-09-28 2022-09-28 Textual
Copyright @ Delhi University Library System